| 000 | 00817cam a22002413a 4500 | ||
|---|---|---|---|
| 001 | 4758 | ||
| 003 | PGUSA | ||
| 005 | 20140828083108.0 | ||
| 008 | 031201s2003||||xxu|||||s|||||000 p eng d | ||
| 040 |
_aPGUSA _beng |
||
| 042 | _adc | ||
| 050 | 4 | _aPR | |
| 100 | 1 |
_aHardy, Thomas, _d1840-1928 |
|
| 245 | 1 | 0 |
_aLate Lyrics and Earlier, With Many Other Verses _h[electronic resource] / _cThomas Hardy |
| 260 |
_bProject Gutenberg, _c2003 |
||
| 500 | _aIncludes Hardy's Apology, " ... his most significant and extended utterance on poetry and criticism, ... "--R. L. Purdy. Thomas Hardy: a bibliographical study | ||
| 506 | _aPublic domain in the USA. | ||
| 516 | _aElectronic text | ||
| 653 | _aEnglish poetry | ||
| 830 | 0 |
_aProject Gutenberg _v4758 |
|
| 856 | 4 | 0 | _uhttp://www.gutenberg.org/ebooks/4758 |
| 942 | _cEB | ||
| 999 |
_c234087 _d234087 |
||